Os pobres na literatura brasileira = Los pobres en la literatura basileña /
Αποθηκεύτηκε σε:
| Κύριος συγγραφέας: | |
|---|---|
| Μορφή: | Άγνωστο |
| Γλώσσα: | Portuguese |
| Έκδοση: |
Sao Paulo :
Editora Brasileña,
1983.
|
| Θέματα: | |
| Ετικέτες: |
Προσθήκη ετικέτας
Δεν υπάρχουν, Καταχωρήστε ετικέτα πρώτοι!
|
MARC
| LEADER | 000000000a22000000004500 | ||
|---|---|---|---|
| 001 | 011228 | ||
| 041 | 0 | |a por | |
| 082 | 0 | 4 | |a Br869.109 |b S433p |
| 100 | 1 | |a Schuwarz, Roberto | |
| 245 | 1 | 0 | |a Os pobres na literatura brasileira = |b Los pobres en la literatura basileña / |c Roberto Schuwarz. |
| 246 | 3 | 1 | |a Los pobres en la literatura basileña |
| 260 | 1 | |a Sao Paulo : |b Editora Brasileña, |c 1983. | |
| 300 | |a 238 páginas | ||
| 500 | |a Colección George Yúdice | ||
| 650 | 4 | |a LITERATURA BRASILEÑA | |
| 650 | 4 | |a CRITICA | |
| 999 | |c 16533 |d 16533 | ||
| 942 | |c BK |h Br869.109 S433p |2 z | ||
